| 000 | 00000nam##2200000za#4500 |
| 001 | 9.639610 |
| 003 | CaOODSP |
| 005 | 20210624222245 |
| 007 | cr ||||||||||| |
| 008 | 150407|1999||||xxc|||||o f|0| 0 fre|d |
| 040 | |aCaOODSP|bfre |
| 043 | |an-cn--- |
| 086 | 1 |aF1-23/1999-11F-PDF |
| 110 | 1 |aCanada. |bMinistère des finances. |
| 245 | 10|aRenforcer la Stratégie canadienne pour l'égalité des chances |h[ressource électronique] |
| 246 | 1 |aLe budget de 1999 - bâtir aujourd’hui pour un avenir meilleur |
| 260 | |aOttawa - Ontario : |bFinances Canada |cFévrier 1999. |
| 300 | |a12p. |
| 590 | |a12-11-Supp|b2012-03-27 |
| 691 | 07|aBudget|2gcpds |
| 691 | 07|aFinancement public|2gcpds |
| 775 | 08|tBuilding on the Canadian opportunities strategy |w(CaOODSP)9.695474 |
| 856 | 40|ahttp://publications.gc.ca|qPDF|s138 Ko|uhttps://publications.gc.ca/collections/Collection/F1-23-1999-11F.pdf |